Visualizzazione normale
Vista MARC
- Handy
di Personal Name
Records bibliografici associati: 1
001 - CONTROL NUMBER
- control field: 30263
003 - CONTROL NUMBER IDENTIFIER
- control field: IT-RoPau
005 - DATE AND TIME OF LATEST TRANSACTION
- control field: 20140617211908.0
008 - FIXED-LENGTH DATA ELEMENTS
- fixed length control field: 140617|| aca||aabn | a|a d
040 ## - CATALOGING SOURCE
- Original cataloging agency: IT-RoPau
- Transcribing agency: IT-RoPau
100 ## - HEADING--PERSONAL NAME
- Personal name: Handy
- Miscellaneous information: Codice autore musica SPICS: 42469
- Relator term: Autore musica
- Name of part/section of a work: Forgetful
670 ## - SOURCE DATA FOUND
- Source citation: Work cat.: (IT-RoPau)99308: AA.VV. 794, Chet Baker In Italy